Central Library OPAC University of Rajshahi

New industrial towns on Canada's resource frontier / (Record no. 3747)

MARC details
000 -LEADER
fixed length control field 01072cam a22002891 4500
001 - CONTROL NUMBER
control field 3747
003 - CONTROL NUMBER IDENTIFIER
rucl marc code BD-RjUL
005 - DATE AND TIME OF LATEST TRANSACTION
control field 20211208233758.0
008 - FIXED-LENGTH DATA ELEMENTS--GENERAL INFORMATION
fixed length control field 131221s1962 iluab b 000 0 eng
035 ## - SYSTEM CONTROL NUMBER
System control number (BD-RjUL)3781
System control number (OCoLC)167596
040 ## - CATALOGING SOURCE
Original cataloging agency DLC
Transcribing agency ODaWU
Modifying agency OCoLC
-- DLC
-- BD-RjUL
Language of cataloging eng
041 ## - LANGUAGE CODE
Language code of text/sound track or separate title eng
082 ## - DEWEY DECIMAL CLASSIFICATION NUMBER
Classification number 711.45
Author mark and year RON 1962
100 1# - MAIN ENTRY--PERSONAL NAME
Personal name Robinson, Ira M.
9 (RLIN) 11900
245 10 - TITLE STATEMENT
Title New industrial towns on Canada's resource frontier /
Statement of responsibility, etc. Ira M Robinson.
260 ## - PUBLICATION, DISTRIBUTION, ETC. (IMPRINT)
Place of publication, distribution, etc. Chicago,
Date of publication, distribution, etc. c1962.
300 ## - PHYSICAL DESCRIPTION
Pagination ix, 190 p. :
Illustrations illus., maps (2 fold.) tables. ;
Size 23 cm.
490 1# - SERIES STATEMENT
Series statement University of Chicago. Program of Education and Research in Planning. Research paper
Volume/sequential designation no. 4
Series statement [University of Chicago] Dept. of Geography. Research paper
Volume/sequential designation no. 73
504 ## - BIBLIOGRAPHY, ETC. NOTE
Bibliography, etc Includes bibliographical references.
650 #0 - SUBJECT ADDED ENTRY--TOPICAL TERM
Topical term or geographic name as entry element Urbanization
Geographic subdivision Canada.
9 (RLIN) 11901
856 ## - ELECTRONIC LOCATION AND ACCESS
Uniform Resource Identifier <a href="http://www.worldcat.org/title/new-industrial-towns-on-canadas-resource-frontier/oclc/167596&referer=brief_results">http://www.worldcat.org/title/new-industrial-towns-on-canadas-resource-frontier/oclc/167596&referer=brief_results</a>
942 ## - ADDED ENTRY ELEMENTS (KOHA)
Source of classification or shelving scheme Dewey Decimal Classification
Koha item type Books
Holdings
Lost status Source of classification or shelving scheme Damaged status Not for loan Collection code Permanent Location Current Location Shelving location Date acquired Source of acquisition Total Checkouts Full call number Date last seen Copy number Koha item type
  Dewey Decimal Classification   Not For Loan Non-fiction Central Library, University of Rajshahi Central Library, University of Rajshahi Reading Room 18/08/1965 Zeitlinger   711.45 RON 1962 21/12/2013 C-1 Books
  Dewey Decimal Classification     Non-fiction Central Library, University of Rajshahi Central Library, University of Rajshahi   18/08/1965 Unknown   711.45 RON 1962 27/06/2016 C-3 Books